00837nas a2200229Ia 4500001001100000003000900011008004100020040001300061040001300074041001300087100004500100210001200145222001200157245011600169250001100285260002200296501008600318300001800404362003500422500010700457650004300564R142/77675IT-RoPAU151124c99999999xx |||||||||||| ||und|| aIT-RoPAU cIT-RoPAU aFRANCESE aFlichy PatricegCodice Aut. SPICS: 10268 aRESEAUX aReseaux aRESEAUX, N.050 (NOVEMBRE/DICEMBRE 1991)bQuestion De la Technique Dans Les Recherches Sur la Communication (La) a1a ed. aPARISbCNETc1991 bPaulus - SPICS - Società San Paolo EM (non-commercial uses only)cCopyright2015 a12 p. [51-62] aN.050 (NOVEMBRE/DICEMBRE 1991) aProblema della Tecnica Nelle Ricerche Sulla Comunicazione. Determinismo Tecnico? Tecnologia e Cultura. aCOMUNICAZIONEvPUBBLICAZIONE PERIODICA